| 000 | 00648nam a2200217 a 4500 | ||
|---|---|---|---|
| 001 | 84661 | ||
| 003 | BD-RjUL | ||
| 005 | 20250211122152.0 | ||
| 008 | 250211r19521946bg ||||| |||| 00| 0 eng d | ||
| 035 | _a(BD-RjUL)84661 | ||
| 040 |
_aBD-RjUL _beng _cBD-RjUL |
||
| 041 | _aeng | ||
| 082 |
_223 _a823 _bTRJ 1952 |
||
| 100 |
_aTrollope, Anthony, _d1815-1882. |
||
| 245 |
_aJohn Caldigate / _cAnthony Trollope. |
||
| 260 |
_aLondon ; _a New York : _bOxford University Press, _c1946, [reprinted 1952] |
||
| 300 |
_avii, 615 pages; _c15 cm. |
||
| 650 |
_aGold mines and mining _xFiction _914942 |
||
| 650 |
_aAustralia _xFiction _914943 |
||
| 942 |
_2ddc _cBK |
||
| 999 |
_c84661 _d84661 |
||